000 00805nam a2200265Ia 4500
003 OSt
005 20221005083103.0
006 a|||||r|||| 00| 0
007 ta
008 221004b |||||||| |||| 00| 0 eng d
020 _a8174767399
_c450
024 _a82413
037 _b3064, 30/03/2005, Vansha Books International
_cTextual
040 _aCRL
_cCRL
_beng
041 _2eng
_aeng
082 _aX:9, P3
100 _aSinha A. K. P.
_9309080
245 0 _aHuman excellence in organizations
260 _aNew Delhi
_bU.B.S. Publishers' Distributors Pvt. Ltd. India
_c2003
300 _a339p.
_ccm.
650 _a ECONOMICS
650 _aPERSONNEL MANAGEMENT
942 _hX:9, P3
_cTEXL
_2cc
999 _c990292
_d990292